[Event "CSK Merania-Groeden II"]
[Site "?"]
[Date "2013.02.02"]
[Round "8.3"]
[White "Grossrubatscher, Johann"]
[Black "Hellweger, Stefan"]
[Result "1/2-1/2"]
[WhiteElo "1489"]
[BlackElo "1497"]
[PlyCount "52"]
[EventDate "2013.??.??"]

1. f4 d5 2. Nf3 c5 3. e3 Nc6 4. b3 e6 5. Bb2 Nf6 6. Be2 Be7 7. O-O O-O 8. a3 a6
9. Qe1 g6 10. Nc3 Ne4 11. d3 Nxc3 12. Qxc3 d4 13. exd4 cxd4 14. Qe1 Bf6 15. Qg3
b5 16. Rae1 Bb7 17. Qf2 Bg7 18. Bd1 Qd6 19. Ng5 Rad8 20. h4 h5 21. g4 hxg4 22.
Bxg4 Ne7 23. h5 gxh5 24. Qh4 Nf5 25. Qxh5 Bh6 26. Bxf5 exf5 1/2-1/2

[Event "CSK Merania-Groeden II"]
[Site "?"]
[Date "2013.02.02"]
[Round "8.4"]
[White "Ladurner, Hans"]
[Black "Goller, Bruno"]
[Result "1/2-1/2"]
[WhiteElo "1564"]
[BlackElo "1455"]
[PlyCount "65"]
[EventDate "2013.??.??"]

1. e4 c5 2. g3 d5 3. Bg2 dxe4 4. Bxe4 Nf6 5. Bg2 e6 6. Ne2 Be7 7. O-O O-O 8. d3
Qb6 9. Na3 Nc6 10. Nc4 Qa6 11. b3 b5 12. Ne3 Bb7 13. Bb2 Rfd8 14. a4 Nd4 15.
axb5 Qxb5 16. f3 Nxe2+ 17. Qxe2 a5 18. Ra4 Rd7 19. Rfa1 Bd8 20. Bxf6 Bxf6 21.
Rd1 Bc3 22. Nc4 Rad8 23. Rf1 Rd4 24. Na3 Qa6 25. Rxd4 Bxd4+ 26. Kh1 a4 27. bxa4
Qxa4 28. Nc4 Qa2 29. Qd1 Ba6 30. Nd2 c4 31. Nxc4 Bxc4 32. dxc4 Qxc4 33. Qd3
1/2-1/2

[Event "CSK Merania-Groeden II"]
[Site "?"]
[Date "2013.02.02"]
[Round "8.5"]
[White "Moroder, Richard"]
[Black "Sbalchiero, Lorenzo"]
[Result "1/2-1/2"]
[WhiteElo "1413"]
[BlackElo "1453"]
[PlyCount "68"]
[EventDate "2013.??.??"]

1. e4 c5 2. Nc3 d6 3. Be2 Nf6 4. Nf3 Nc6 5. O-O g6 6. d3 Bg7 7. Bg5 O-O 8. Qd2
a6 9. Bh6 e5 10. Bxg7 Kxg7 11. h3 Be6 12. Ng5 Bd7 13. f4 h6 14. fxe5 dxe5 15.
Nf3 Be6 16. Kh1 Nh5 17. Kh2 Nf4 18. Bd1 f6 19. Ne2 Nxe2 20. Qxe2 Nd4 21. Qf2
Rc8 22. Qg3 c4 23. Nh4 g5 24. Bh5 cxd3 25. cxd3 Rc2 26. Ng6 Rg8 27. Nxe5 fxe5
28. Qxe5+ Kh7 29. Rf6 Qc7 30. Qxc7+ Rxc7 31. Raf1 Bxa2 32. Rd6 Nb5 33. Rb6 Rgg7
34. Rff6 Rc6 1/2-1/2

[Event "SG Kaltern/Tramin II-SK Steinegg/Raiffe"]
[Site "?"]
[Date "2013.02.02"]
[Round "8.1"]
[White "Engl, Stefan"]
[Black "Unterkofler, Alex"]
[Result "0-1"]
[WhiteElo "1828"]
[BlackElo "1657"]
[PlyCount "90"]
[EventDate "2013.??.??"]

1. f4 Nf6 2. Nf3 d5 3. b3 e6 4. Bb2 Be7 5. e3 O-O 6. Bd3 c5 7. O-O Nc6 8. Nc3
a6 9. Ne2 Nb4 10. Ng3 Nxd3 11. cxd3 b5 12. Ne5 Bb7 13. d4 c4 14. f5 exf5 15.
Nxf5 g6 16. Nxe7+ Qxe7 17. Qe2 Rac8 18. Rac1 cxb3 19. axb3 Rxc1 20. Rxc1 Rc8
21. Qd1 Qe6 22. Ba3 Ne4 23. d3 Nc3 24. Qd2 b4 25. Bb2 f6 26. Nf3 Nb5 27. Rxc8+
Bxc8 28. Kf2 Qc6 29. e4 a5 30. e5 Bg4 31. h3 Bxf3 32. gxf3 fxe5 33. dxe5 d4 34.
Qc1 Nc3 35. f4 Qe6 36. Bxc3 dxc3 37. Qd1 Qxh3 38. d4 c2 39. Qc1 Qxb3 40. Ke2
Qc4+ 41. Ke3 Qc3+ 42. Ke2 b3 43. e6 b2 44. e7 Qc4+ 45. Kf3 Qc6+ 0-1

[Event "SG Kaltern/Tramin II-SK Steinegg/Raiffe"]
[Site "?"]
[Date "2013.02.02"]
[Round "8.2"]
[White "Leimgruber, Erich"]
[Black "Lantschner, Carmen"]
[Result "1-0"]
[WhiteElo "1580"]
[BlackElo "1726"]
[PlyCount "81"]
[EventDate "2013.??.??"]

1. e4 d6 2. d4 Nf6 3. Nc3 g6 4. Be2 Bg7 5. Nf3 c5 6. dxc5 Qa5 7. O-O Qxc5 8.
Be3 Qa5 9. Nd2 Nc6 10. Nb3 Qd8 11. Qd2 Ng4 12. Bf4 h6 13. h3 Nf6 14. Be3 Bd7
15. f4 a6 16. Bf3 Qc7 17. Rad1 Rc8 18. Qf2 Rg8 19. e5 dxe5 20. Bxc6 Bxc6 21.
fxe5 Qxe5 22. Bd4 Qe6 23. Rde1 Qf5 24. Qd2 Qd7 25. Bxf6 Bxf6 26. Rxf6 Qxd2 27.
Nxd2 Rd8 28. Nb3 e6 29. Na5 Ke7 30. Ref1 Rgf8 31. Nxc6+ bxc6 32. R6f2 f6 33.
Ne4 f5 34. Nc5 a5 35. Re2 Rf6 36. Rfe1 Rd6 37. a3 Kf7 38. Nb7 Rd5 39. c4 Rd7
40. Nxa5 Rc7 41. b4 1-0

[Event "SG Kaltern/Tramin II-SK Steinegg/Raiffe"]
[Site "?"]
[Date "2013.02.02"]
[Round "8.3"]
[White "Engl, Alexander"]
[Black "Enderle, Helmuth"]
[Result "1/2-1/2"]
[WhiteElo "1710"]
[BlackElo "1542"]
[PlyCount "89"]
[EventDate "2013.??.??"]

1. e4 c5 2. Nf3 Nc6 3. d4 cxd4 4. Nxd4 g6 5. Nc3 Bg7 6. Be3 d6 7. Bb5 Bd7 8.
O-O Nf6 9. h3 a6 10. Be2 b5 11. a3 Nxd4 12. Bxd4 Bc6 13. Bf3 Rc8 14. Re1 O-O
15. Qd3 Qc7 16. Rad1 Rfd8 17. Qe2 Qb7 18. Qd3 Qc7 19. Re2 Rd7 20. g4 b4 21.
axb4 Qb7 22. g5 Ne8 23. Bxg7 Nxg7 24. b5 axb5 25. Bg4 e6 26. Qd4 Ra8 27. Qb4
Ne8 28. Red2 Rad8 29. Be2 Rb8 30. Ra1 d5 31. exd5 exd5 32. Re1 Nc7 33. Bg4 Rdd8
34. Re7 Re8 35. Rde2 Rxe7 36. Rxe7 Re8 37. Rxe8+ Nxe8 38. Be2 Nc7 39. Qe7 Ne6
40. Qxb7 Bxb7 41. h4 b4 42. Na2 Nd4 43. Bd1 Nc6 44. c3 bxc3 45. bxc3 1/2-1/2

[Event "SG Kaltern/Tramin II-SK Steinegg/Raiffe"]
[Site "?"]
[Date "2013.02.02"]
[Round "8.4"]
[White "Steinegger, Elmar"]
[Black "Resch, Aaron"]
[Result "0-1"]
[WhiteElo "1427"]
[BlackElo "1709"]
[PlyCount "82"]
[EventDate "2013.??.??"]

1. d4 b6 2. c4 Bb7 3. Nc3 g6 4. Bf4 Bg7 5. e3 d6 6. Nf3 Nd7 7. Rc1 e6 8. Be2
Ne7 9. Qc2 O-O 10. O-O Nc6 11. a3 h6 12. h3 e5 13. dxe5 Ncxe5 14. Nxe5 Nxe5 15.
Rfd1 Qd7 16. Nd5 Kh8 17. b3 Rfe8 18. Bxe5 Rxe5 19. Bg4 f5 20. Bf3 Qf7 21. Qd2
Rae8 22. Qd3 Bxd5 23. cxd5 a5 24. a4 R5e7 25. Rc6 Bb2 26. Rc4 Ba3 27. Qd4+ Kg8
28. Qc3 Bc5 29. Qd3 g5 30. Qe2 Rf8 31. Qd3 h5 32. Qf1 Qg6 33. Re1 g4 34. hxg4
hxg4 35. Bd1 g3 36. Qd3 Qh6 37. Rf4 gxf2+ 38. Rxf2 Rxe3 39. Qd2 Rxe1+ 40. Qxe1
Qh4 41. Kf1 Qh1+ 0-1

[Event "SG Kaltern/Tramin II-SK Steinegg/Raiffe"]
[Site "?"]
[Date "2013.02.02"]
[Round "8.5"]
[White "Mair, Stephan"]
[Black "Sanin, Wilfried"]
[Result "1-0"]
[WhiteElo "1410"]
[BlackElo "1503"]
[PlyCount "141"]
[EventDate "2013.??.??"]

1. d4 g6 2. Bf4 d6 3. Nf3 Bg7 4. e3 Bg4 5. Bd3 Nf6 6. Nbd2 c6 7. c3 O-O 8. Qc2
Nbd7 9. h3 Bxf3 10. Nxf3 Nh5 11. Bh2 Qa5 12. O-O e5 13. Nd2 d5 14. f3 Bf6 15.
a3 Rfe8 16. Rab1 Qd8 17. Qb3 b5 18. a4 a6 19. axb5 axb5 20. Ra1 Qe7 21. Ra2
Rxa2 22. Qxa2 exd4 23. e4 dxc3 24. bxc3 Bxc3 25. Nb3 Nc5 26. Qc2 b4 27. Kh1
Nxb3 28. Qxb3 dxe4 29. fxe4 Kg7 30. Qc4 Nf6 31. Qxc6 Qe6 32. Qb5 Re7 33. e5
Bxe5 34. Re1 Qd6 35. Bxe5 Qd7 36. Bxf6+ Kxf6 37. Qxd7 Rxd7 38. Bc4 Kg7 39. Kg1
h5 40. Rb1 Rb7 41. Kf2 Kf6 42. Ke3 Ke5 43. Rb3 f6 44. g3 g5 45. Be2 h4 46. g4
Rb6 47. Kd3 Kd5 48. Bf3+ Kc5 49. Be2 Kb5 50. Ke4+ Ka4 51. Bc4 Rd6 52. Kf5 Rc6
53. Bf7 Rb6 54. Re3 Rd6 55. Be6 Rb6 56. Kxf6 b3 57. Rxb3 Rxe6+ 58. Kxe6 Kxb3
59. Kf5 Kc4 60. Kxg5 Kd5 61. Kxh4 Ke6 62. Kh5 Kf7 63. Kg5 Kg7 64. h4 Kh7 65.
Kf6 Kg8 66. g5 Kh8 67. Kf7 Kh7 68. g6+ Kh6 69. g7 Kh5 70. g8=Q Kxh4 71. Kf6 1-0

[Event "ASK Niederdorf-ASD Arci Scacchi II"]
[Site "?"]
[Date "2013.02.02"]
[Round "8.1"]
[White "Scarabello, Graziano"]
[Black "Obersteiner, Stefan"]
[Result "0-1"]
[WhiteElo "1320"]
[BlackElo "1731"]
[PlyCount "106"]
[EventDate "2013.??.??"]

1. e4 {[%emt 0:00:00]} 1... c5 {[%emt 0:00:00]} 2. Nf3 {
[%eval 0,0] [%emt 0:00:01]} 2... Nc6 {[%emt 0:00:05]} 3. c3 {[%emt 0:00:00]}
3... Nf6 {[%eval 0,0] [%emt 0:00:00]} 4. e5 {[%emt 0:00:09]} 4... Nd5 {
[%eval 0,0] [%emt 0:00:00]} 5. d4 {[%emt 0:00:12]} 5... cxd4 {[%emt 0:00:00]}
6. cxd4 {[%eval 0,0] [%emt 0:00:00]} 6... e6 {[%emt 0:00:04]} 7. a3 {
[%emt 0:00:00]} 7... a6 {[%emt 0:00:00]} 8. Bc4 {[%emt 0:00:00]} 8... Nb6 {
[%emt 0:00:00]} 9. Bd3 {[%eval 57,17] [%emt 0:00:14]} 9... d6 {
(Le7) [%emt 0:00:05]} 10. Be3 {[%emt 0:00:00]} 10... Nd5 {[%emt 0:00:00]} 11.
O-O {[%emt 0:00:00]} 11... Nxe3 {[%eval -13,17] [%emt 0:00:17]} 12. fxe3 {
[%emt 0:00:05]} 12... dxe5 {[%eval -10,17] [%emt 0:00:07]} 13. Be4 {
(dxe5) [%emt 0:00:06]} 13... exd4 {[%eval 16,16] [%emt 0:00: 00]} 14. Bxc6+ {
[%emt 0:00:05]} 14... bxc6 {[%eval 16,0] [%emt 0:00:04]} 15. Ne5 {
[%emt 0:00:48]} 15... f5 {[%eval 15,20] [%emt 0:00:00]} 16. exd4 {
(Dh5+) [%emt 0:00: 00]} 16... g6 {[%emt 0:00:00]} 17. Nc3 {[%emt 0:00:00]}
17... Bd7 {[%emt 0:00:00]} 18. Qf3 {[%emt 0:00:00]} 18... Rc8 {[%emt 0:00:00]}
19. Rad1 {[%emt 0:00:00]} 19... Bg7 {[%eval 30, 0] [%emt 0:00:15]} 20. Ne4 {
(De2) [%emt 0:00:00]} 20... Qc7 {[%emt 0:00:00]} 21. Nc5 {
[%eval 106,17] [%emt 0:00:08]} 21... Bxe5 {[%emt 0:00:16]} 22. dxe5 {
[%eval 99,20] [%emt 0:00:00]} 22... Rd8 {[%emt 0:00:08]} 23. Rd6 {
[%eval 105,17] [%emt 0:00:00]} 23... Ke7 {(0-0) [%emt 0:00:09]} 24. Rfd1 {
[%emt 0:00:00]} 24... Bc8 {[%eval 443,16] [%emt 0:00:13]} 25. Qg3 {
(Dh3) [%emt 0:00:24]} 25... Kf7 {[%eval 252,17] [%emt 0:00:10]} 26. Qh4 {
[%emt 0:00:25]} 26... Qe7 {[%eval 249,18] [%emt 0:00:00]} 27. Qf6+ {
(Dd4) [%emt 0:00:14]} 27... Qxf6 {[%eval -41,20] [%emt 0:00:00]} 28. exf6 {
[%emt 0:00:05]} 28... Rxd6 {[%eval -40,21] [%emt 0:00:00]} 29. Rxd6 {
[%emt 0:00:09]} 29... Kxf6 {[%eval -42,19] [%emt 0:00:10]} 30. Rxc6 {
[%emt 0:00:06]} 30... Rd8 {[%eval -41,18] [%emt 0: 00:00]} 31. b4 {
[%emt 0:00:23]} 31... Ke5 {[%eval -42,18] [%emt 0:00:00]} 32. Kf2 {
[%emt 0:00:10]} 32... Kd5 {[%emt 0:00:00]} 33. Rc7 {
[%eval -39,16] [%emt 0:00:03]} 33... h6 {(Th8) [%emt 0:00:06]} 34. Na4 {
[%emt 0:00:00]} 34... Kd6 {[%emt 0:00:00]} 35. Rc3 {[%emt 0:00:00]} 35... Bb7 {
[%emt 0:00:00]} 36. g3 {[%emt 0:00:00]} 36... Bd5 {
[%eval -117, 0] [%emt 0:00:06]} 37. Nb6 {(Tc5) [%emt 0:00:12]} 37... Ke5 {
[%emt 0:00:00]} 38. Ke3 {[%emt 0:00:00]} 38... g5 {[%emt 0:00:00]} 39. Nc4+ {
[%emt 0:00:00]} 39... Kf6 {[%eval -115,18] [%emt 0:00:07]} 40. Nb6 {
[%emt 0:00:11]} 40... Be4 {[%eval -126,18] [%emt 0: 00:00]} 41. a4 {
(Sa4) [%emt 0:00:00]} 41... Rd6 {[%emt 0:00:00]} 42. a5 {[%emt 0:00: 00]} 42...
Rd1 {[%emt 0:00:00]} 43. Ke2 {[%emt 0:00:00]} 43... Rb1 {[%emt 0:00:00]} 44.
Nd7+ {[%eval -270,16] [%emt 0:00:09]} 44... Ke7 {[%emt 0:00:00]} 45. Ne5 {
[%emt 0:00: 00]} 45... Rxb4 {[%emt 0:00:00]} 46. Nc6+ {
[%eval -283,15] [%emt 0:00:03]} 46... Bxc6 {[%emt 0:00:05]} 47. Rxc6 {
[%eval -310,20] [%emt 0:00:00]} 47... Rb2+ {[%emt 0:00:05]} 48. Kf3 {
[%emt 0:00:00]} 48... Rxh2 {[%eval -413,19] [%emt 0:00:00]} 49. Rxa6 {
(Ke3) [%emt 0:00:08]} 49... Kf6 {[%emt 0:00:00]} 50. Rb6 {[%emt 0:00:00]} 50...
g4+ {[%eval -631, 0] [%emt 0:00:05]} 51. Ke3 {[%emt 0:00:08]} 51... Rg2 {
[%eval -658,19] [%emt 0:00:00]} 52. a6 {[%emt 0:00:12]} 52... Rxg3+ {
[%eval -780,19] [%emt 0:00:00]} 53. Kf2 {(Kd4) [%emt 0:00:10]} 53... Ra3 {
[%eval -805,14] [%emt 0:00:05]} 0-1

[Event "ASK Niederdorf-ASD Arci Scacchi II"]
[Site "?"]
[Date "2013.02.02"]
[Round "8.2"]
[White "Schmidhofer, Josef"]
[Black "Gasparro, Antonio"]
[Result "1-0"]
[WhiteElo "1510"]
[BlackElo "1388"]
[PlyCount "85"]
[EventDate "2013.??.??"]

1. d4 {[%emt 0:00:00]} 1... Nf6 {[%eval 0,0] [%emt 0:00:00]} 2. c4 {
[%emt 0:00:08]} 2... g6 {[%emt 0:00:00]} 3. Nc3 {[%eval 0,0] [%emt 0:00:00]}
3... Bg7 {[%emt 0:00:10]} 4. Nf3 {[%eval 0,0] [%emt 0:00:00]} 4... d6 {
[%emt 0:00:07]} 5. e4 {[%eval 0,0] [%emt 0:00:00]} 5... O-O {[%emt 0:00:07]} 6.
Be2 {[%eval 0,0] [%emt 0:00:00]} 6... Nbd7 {[%emt 0:00:11]} 7. O-O {
[%eval 0,0] [%emt 0:00:00]} 7... e5 {[%emt 0:00:04]} 8. dxe5 {[%emt 0:00:00]}
8... dxe5 {[%eval 0,0] [%emt 0:00:00]} 9. Qc2 {[%emt 0:00:04]} 9... c6 {
[%eval 0,0] [%emt 0:00:00]} 10. Bg5 {[%emt 0:00:19]} 10... Qc7 {[%emt 0:00:00]}
11. Rad1 {[%eval 54,15] [%emt 0:00:14]} 11... h6 {(Sc5) [%emt 0:00:26]} 12. Bc1
{[%emt 0: 00:00]} 12... Nc5 {[%emt 0:00:00]} 13. b4 {[%emt 0:00:00]} 13... Ne6
{[%eval 14,15] [%emt 0:00:16]} 14. h3 {[%emt 0:00:04]} 14... Re8 {
[%emt 0:00:00]} 15. Be3 {[%emt 0:00:00]} 15... b6 {[%emt 0:00:00]} 16. b5 {
[%eval 54,14] [%emt 0:00:13]} 16... Bb7 {(Sf4) [%emt 0: 00:00]} 17. bxc6 {
[%emt 0:00:00]} 17... Qxc6 {[%emt 0:00:00]} 18. Nd5 {[%emt 0:00:00]} 18... Nc5
{[%emt 0:00:00]} 19. Nd2 {[%eval -3,15] [%emt 0:00:10]} 19... Rac8 {
[%emt 0:00: 00]} 20. f3 {[%emt 0:00:00]} 20... Qd6 {[%emt 0:00:00]} 21. Nb3 {
[%emt 0:00:00]} 21... Nxb3 {[%emt 0:00:00]} 22. axb3 {[%emt 0:00:00]} 22...
Nxd5 {[%eval 73,15] [%emt 0:00:10]} 23. exd5 {[%emt 0:00:02]} 23... Bf8 {
[%emt 0:00:00]} 24. Qd2 {[%eval 75,15] [%emt 0: 00:00]} 24... Kh7 {
(h5) [%emt 0:00:07]} 25. f4 {[%emt 0:00:00]} 25... exf4 {[%emt 0:00:00]} 26.
Bxf4 {[%eval 64,16] [%emt 0:00:19]} 26... Qc5+ {(Dd7) [%emt 0:00:00]} 27. Kh1 {
[%eval 110,16] [%emt 0:00:14]} 27... g5 {(Db4) [%emt 0:00:09]} 28. Bd3+ {
[%emt 0:00: 00]} 28... Kg8 {[%eval 346,14] [%emt 0:00:13]} 29. Bxg5 {
[%emt 0:00:00]} 29... hxg5 {[%emt 0:00:00]} 30. Qxg5+ {
[%eval 775,14] [%emt 0:00:01]} 30... Bg7 {[%emt 0:00:00]} 31. Qh5 {
[%emt 0:00:00]} 31... Rc7 {[%eval 0,16] [%emt 0:00:10]} 32. Rf3 {
(Tf4) [%emt 0: 00:00]} 32... Qd6 {[%emt 0:00:00]} 33. Rdf1 {[%emt 0:00:00]}
33... Ree7 {[%emt 0:00:00]} 34. Qg4 {[%emt 0:00:00]} 34... Bxd5 {[%emt 0:00:00]
} 35. cxd5 {[%eval 211,14] [%emt 0:00:04]} 35... Qxd5 {[%emt 0:00:05]} 36. Bc4
{[%emt 0:00:00]} 36... Qe5 {[%emt 0:00:00]} 37. Rf5 {
[%eval 305,15] [%emt 0:00:04]} 37... Qd6 {(De3) [%emt 0:00:00]} 38. Qf3 {
[%emt 0:00:00]} 38... Qd7 {[%emt 0:00:00]} 39. Qg3 {[%emt 0:00:00]} 39... Qc6 {
[%emt 0:00: 00]} 40. Rg5 {[%emt 0:00:00]} 40... Qh6 {
[%eval 495,19] [%emt 0:00:00]} 41. Rd1 {(Tf4) [%emt 0:00:12]} 41... Qf6 {
[%emt 0:00:00]} 42. Rd8+ {[%emt 0:00:00]} 42... Kh7 {[%emt 0:00:00]} 43. Rh5+ {
[%eval 32760,7] [%emt 0:00:00]} 1-0

[Event "SK Deutschnofen-SC SSV Taufers"]
[Site "?"]
[Date "2013.02.02"]
[Round "8.3"]
[White "Haidacher, Gerold"]
[Black "Hofer, Alois"]
[Result "1/2-1/2"]
[WhiteElo "1726"]
[BlackElo "1559"]
[PlyCount "107"]
[EventDate "2013.??.??"]

1. d4 d5 2. c4 c6 3. Nf3 Bf5 4. Nc3 e6 5. e3 Nf6 6. Be2 Nbd7 7. Qb3 Qc7 8. O-O
Be7 9. a4 a5 10. cxd5 exd5 11. Bd2 Ne4 12. Nxe4 Bxe4 13. Bc3 O-O 14. Nd2 Bf5
15. Rac1 Nf6 16. Nf3 Bd6 17. h3 Rfe8 18. Ne5 Ne4 19. Nf3 Qe7 20. Qd1 Qf6 21.
Qe1 b6 22. Nh2 Qg6 23. Kh1 Bd7 24. Bf3 f5 25. Bxe4 fxe4 26. f4 exf3 27. Rxf3
Re4 28. Qf2 Rae8 29. Bd2 c5 30. dxc5 Bxc5 31. b3 Qe6 32. Nf1 Bc6 33. Qg3 Ba8
34. Bc3 d4 35. exd4 Bd6 36. Qg5 h6 37. Qf5 Bd5 38. Qxe6+ R4xe6 39. Rf2 Ba3 40.
Bb2 Bb4 41. Bc3 Re2 42. Kg1 Ba3 43. Ra1 Bd6 44. Ra2 R2e6 45. Rab2 Ba3 46. Ra2
Bf8 47. Rab2 Rc8 48. Bd2 Re4 49. b4 Rxd4 50. bxa5 bxa5 51. Bxa5 Rxa4 52. Bd2
Ra1 53. Be3 Re8 54. Bd4 1/2-1/2

[Event "Wipptal Schach-SC SSV Bruneck"]
[Site "?"]
[Date "2013.02.02"]
[Round "8.2"]
[White "Giorgione, Roberto"]
[Black "Peintner, Andreas"]
[Result "0-1"]
[WhiteElo "1444"]
[BlackElo "1898"]
[PlyCount "54"]
[EventDate "2013.??.??"]

1. e4 c5 2. d3 Nc6 3. c3 d5 4. exd5 Qxd5 5. Nf3 Nf6 6. Be2 e6 7. O-O Be7 8.
Nbd2 O-O 9. Nc4 b6 10. Ne3 Qd6 11. a3 Bb7 12. Qc2 Rac8 13. Nc4 Qc7 14. Rb1 h6
15. Rd1 Rfd8 16. Be3 Ng4 17. h3 Nf6 18. Rbc1 Nd5 19. Bd2 b5 20. Ne3 Nf4 21. Be1
Ne5 22. d4 Nxf3+ 23. Bxf3 Bxf3 24. gxf3 cxd4 25. cxd4 Qb7 26. Qe4 Qxe4 27. fxe4
Rxc1 0-1

[Event "ASK Niederdorf-ASD Arci Scacchi II"]
[Site "?"]
[Date "2013.02.02"]
[Round "8.4"]
[White "Haspinger, Hartmann"]
[Black "Zanatta, Daniel"]
[Result "0-1"]
[WhiteElo "1349"]
[BlackElo "1328"]
[PlyCount "46"]
[EventDate "2013.??.??"]

1. d4 Nf6 2. c4 e5 3. Bg5 exd4 4. Qxd4 Be7 5. Nf3 Nc6 6. Qd1 d6 7. e3 Ne4 8.
Bxe7 Qxe7 9. Be2 Bf5 10. O-O O-O-O 11. Nd4 Nxd4 12. Qxd4 Kb8 13. Nc3 Qe5 14.
Nxe4 Qxd4 15. exd4 Bxe4 16. b4 Rhe8 17. Rfe1 Re7 18. Kf1 Rde8 19. c5 Bxg2+ 20.
Kg1 Bf3 21. cxd6 cxd6 22. Rec1 Bxe2 23. Rc3 Bb5 0-1

[Event "ASK Niederdorf-ASD Arci Scacchi II"]
[Site "?"]
[Date "2013.02.02"]
[Round "8.5"]
[White "Benvenuto, Alexander"]
[Black "Pallhuber, Manfred"]
[Result "1-0"]
[WhiteElo "1250"]
[BlackElo "1382"]
[PlyCount "133"]
[EventDate "2013.??.??"]

1. d4 d5 2. Nf3 Bf5 3. e3 e6 4. Nbd2 c5 5. c3 Nf6 6. Qb3 b6 7. Bb5+ Nbd7 8. Ne5
Bd6 9. Nxd7 Nxd7 10. Qa4 Qc7 11. Bxd7+ Qxd7 12. Qxd7+ Kxd7 13. O-O Rac8 14. Re1
cxd4 15. exd4 b5 16. a3 Rc7 17. Nf3 h6 18. Ne5+ Ke7 19. Bd2 h5 20. b4 Ra8 21.
a4 bxa4 22. Rxa4 f6 23. Nf3 Bd3 24. Ra5 Kd7 25. Rea1 Rb7 26. Ne1 Bc4 27. Nc2
Bc7 28. R5a3 Bd6 29. g3 g5 30. f4 gxf4 31. Bxf4 Bxf4 32. gxf4 a6 33. Kf2 Rg8
34. Ne3 Bb5 35. f5 Rg5 36. Rg1 Rxg1 37. Kxg1 Kd6 38. Ra2 Rg7+ 39. Rg2 Rxg2+ 40.
Kxg2 Bd3 41. fxe6 Kxe6 42. Kg3 f5 43. Kf4 h4 44. h3 Be4 45. Kg5 Bd3 46. Kxh4 f4
47. Ng4 Kf5 48. Nf2 Be2 49. Ng4 Ke4 50. Nf6+ Kd3 51. Nxd5 Ke4 52. Nf6+ Ke3 53.
d5 f3 54. Ng4+ Kf4 55. d6 Bb5 56. Nf2 Bd7 57. c4 Ke5 58. Kg3 Bc6 59. d7 Bxd7
60. Kxf3 Kd4 61. h4 Kxc4 62. h5 Bf5 63. Kf4 Bc2 64. h6 Bh7 65. Ng4 Kxb4 66. Nf6
Bb1 67. Ne4 1-0

[Event "Wipptal Schach-SC SSV Bruneck"]
[Site "?"]
[Date "2013.02.02"]
[Round "8.3"]
[White "Balzarini, Franco"]
[Black "Saxl, Pietro"]
[Result "1-0"]
[WhiteElo "1775"]
[BlackElo "1335"]
[PlyCount "88"]
[EventDate "2013.??.??"]

1. d4 d5 2. Nf3 Nc6 3. e3 a6 4. c4 Nf6 5. Bd3 Bg4 6. Nbd2 e5 7. cxd5 Nxd5 8.
O-O Qf6 9. Be4 Qd6 10. Qb3 Nb6 11. Bxc6+ bxc6 12. Nxe5 Be6 13. Qc2 Bd7 14. Ne4
Qd5 15. Nc3 Qe6 16. Ne4 f6 17. Nxd7 Nxd7 18. Bd2 Qd5 19. Rfc1 f5 20. Ng3 g6 21.
Qxc6 Qxc6 22. Rxc6 Bd6 23. e4 Bxg3 24. hxg3 Ra7 25. exf5 gxf5 26. Bf4 Kd8 27.
Rac1 Ke7 28. Rxc7 Rha8 29. Rxa7 Rxa7 30. Rc6 Kf7 31. b3 Nf6 32. f3 h5 33. Be5
Nd7 34. Rh6 Ra8 35. Rxh5 Kg6 36. Rh8 Rxh8 37. Bxh8 Nb6 38. Be5 Nd5 39. Kf2 Kf7
40. Bf4 Nc3 41. Bd2 Nd5 42. Ke2 Kg6 43. Kd3 Kf6 44. Kc4 Ke6 1-0

[Event "Wipptal Schach-SC SSV Bruneck"]
[Site "?"]
[Date "2013.02.02"]
[Round "8.4"]
[White "Perfler, Manfred"]
[Black "Lang, Guenther"]
[Result "0-1"]
[WhiteElo "1367"]
[BlackElo "1649"]
[PlyCount "36"]
[EventDate "2013.??.??"]

1. e4 d5 2. Bd3 dxe4 3. Bxe4 e5 4. Nf3 Bc5 5. O-O f5 6. Bd3 e4 7. Qe2 Qe7 8.
Re1 exf3 9. Qxf3 Qxe1+ 10. Bf1 Qxc1 11. Qd5 Bd6 12. g3 Nf6 13. Qb5+ Nc6 14. Kg2
O-O 15. a4 f4 16. Bc4+ Kh8 17. Bd3 f3+ 18. Kxf3 Qh1+ 0-1

[Event "Wipptal Schach-SC SSV Bruneck"]
[Site "?"]
[Date "2013.02.02"]
[Round "8.5"]
[White "Oberhammer, Günther"]
[Black "Saxl, Alexander"]
[Result "1-0"]
[WhiteElo "1600"]
[BlackElo "1381"]
[PlyCount "79"]
[EventDate "2013.??.??"]

1. e4 e5 2. Nf3 Nf6 3. Nc3 Nc6 4. d4 exd4 5. Nxd4 Bb4 6. f3 Bxc3+ 7. bxc3 d6 8.
Bg5 O-O 9. Bc4 Ne5 10. Bb3 h6 11. Bh4 Ng6 12. Bg3 a6 13. c4 Re8 14. O-O Rf8 15.
Qd3 Ne5 16. Qe3 Nc6 17. Rad1 Bd7 18. Rd2 Na5 19. Rfd1 Nxb3 20. cxb3 Qe7 21. Bh4
Rfe8 22. g4 Qe5 23. Bg3 Qe7 24. g5 hxg5 25. Qxg5 Nh7 26. Qxe7 Rxe7 27. Rg2 Bh3
28. Rf2 Rae8 29. Ne2 Bd7 30. Nf4 Nf8 31. Nd5 Bc6 32. Nxe7+ Rxe7 33. c5 dxc5 34.
Rd8 f6 35. Rfd2 Kf7 36. Kf2 Ne6 37. Rc8 Ng5 38. Rxc7 Bxe4 39. Rxe7+ Kxe7 40.
Re2 1-0

[Event "SK Deutschnofen-SC SSV Taufers"]
[Site "?"]
[Date "2013.02.02"]
[Round "8.1"]
[White "Niederkofler, Andreas"]
[Black "Thurner, Markus"]
[Result "1/2-1/2"]
[WhiteElo "1770"]
[BlackElo "1847"]
[PlyCount "107"]
[EventDate "2013.??.??"]

1. e4 e6 2. d4 d5 3. Nc3 Bb4 4. exd5 exd5 5. Bd3 Nf6 6. a3 Be7 7. Nge2 Bg4 8.
f3 Bh5 9. Nf4 Bg6 10. O-O c6 11. Re1 Bxd3 12. Nxd3 O-O 13. Bg5 Nbd7 14. Qd2 Bd6
15. Re2 Qb6 16. Be3 Rfe8 17. Rae1 Qc7 18. Bf4 Nb6 19. Bxd6 Qxd6 20. Ne5 Nfd7
21. Qf4 f6 22. Nd3 Qxf4 23. Rxe8+ Rxe8 24. Rxe8+ Kf7 25. Nxf4 Kxe8 26. Ne6 g6
27. b3 Ke7 28. Nf4 Nc8 29. Kf2 Nd6 30. g4 g5 31. Nd3 f5 32. Kg3 f4+ 33. Kf2 Ke6
34. Ke2 a6 35. a4 a5 36. Nb1 b5 37. Nc3 b4 38. Nd1 Nb7 39. c3 c5 40. dxc5 Ndxc5
41. cxb4 axb4 42. Nxb4 Nxb3 43. Nc3 d4 44. Ne4 h6 45. Kd3 N7a5 46. Nd2 Nc5+ 47.
Kxd4 Nxa4 48. Nd3 Nc6+ 49. Kc4 Ne5+ 50. Nxe5 Kxe5 51. Ne4 Nb2+ 52. Kc3 Nd1+ 53.
Kd3 Ne3 54. Nc5 1/2-1/2

[Event "SK Deutschnofen-SC SSV Taufers"]
[Site "?"]
[Date "2013.02.02"]
[Round "8.2"]
[White "Gibitz, Othmar"]
[Black "Forer, Erich"]
[Result "1/2-1/2"]
[WhiteElo "1592"]
[BlackElo "1733"]
[PlyCount "98"]
[EventDate "2013.??.??"]

1. e4 d6 2. d4 Nf6 3. Nc3 g6 4. Nf3 Bg7 5. Be3 O-O 6. h3 c6 7. Bd3 Qc7 8. O-O
Nbd7 9. Qd2 Re8 10. Bh6 e5 11. Bxg7 Kxg7 12. dxe5 dxe5 13. Qe3 Nf8 14. a4 a5
15. Bc4 Be6 16. Bxe6 Nxe6 17. Rfd1 Nd7 18. Rd2 Ndf8 19. Rad1 Re7 20. g3 Rae8
21. Kg2 Nd7 22. Ng5 Ndc5 23. Nxe6+ Nxe6 24. Ne2 Rb8 25. Qc3 Ng5 26. f3 Qc8 27.
g4 Qc7 28. Rd3 Kg8 29. b4 axb4 30. Qxb4 Ne6 31. Rb3 Ra8 32. Ra3 Ra5 33. c4 Re8
34. Rb1 Nc5 35. Rd1 Rea8 36. Nc3 Qe7 37. Ra2 Kg7 38. Rdd2 Qg5 39. Qb2 h5 40.
Ne2 Qf6 41. gxh5 Qg5+ 42. Ng3 Ne6 43. hxg6 Nf4+ 44. Kh2 Rh8 45. Nf5+ Kxg6 46.
Rd6+ f6 47. h4 Rxh4+ 48. Nxh4+ Qxh4+ 49. Kg1 Qe1+ 1/2-1/2